000 00807nam a2200241 a 4500
999 _c11409
_d11409
001 11409
003 BD-JhCC
005 20190921090056.0
008 190611b 2016bg a|||| ||a| 001 0 ben d
020 _a9840755080
035 _a(BD-JhCC)11409
040 _aBD-JhCC
_dBD-JhCC
041 _aben
082 _bHAR 2016
_a320.011
100 _a হারুন-আর-রশিদ
245 _aআমাদের বাঁচার দাবী:
_b৬ দফা'র ৫০ বছর /
_c হারুন-আর-রশিদ ।
260 _aঢাকা:
_bবাংলা একাডেমী;
_c২০১৬.
300 _a১৬৮ পৃ. :
_bill;
_c২২ সেমি.
650 _aPolitical science
650 _asix-points
_y1966
_zBangladesh
942 _2ddc
_cBK